<?xml version="1.0" encoding="UTF-8"?><record xmlns="http://www.loc.gov/MARC21/slim" xmlns:zs="http://docs.oasis-open.org/ns/search-ws/sruResponse">
  <leader>02839cam a22004573i 4500</leader>
  <controlfield tag="001">22053422</controlfield>
  <controlfield tag="005">20250607105709.3</controlfield>
  <controlfield tag="006">m    |o  d |      </controlfield>
  <controlfield tag="007">cr |||||||||||</controlfield>
  <controlfield tag="008">210428m19551971xx |||||o|||||||| ||ara  </controlfield>
  <datafield ind1=" " ind2=" " tag="035">
    <subfield code="a">22053422</subfield>
  </datafield>
  <datafield ind1=" " ind2=" " tag="906">
    <subfield code="a">0</subfield>
    <subfield code="b">ibc</subfield>
    <subfield code="c">orignew</subfield>
    <subfield code="d">u</subfield>
    <subfield code="e">ncip</subfield>
    <subfield code="f">20</subfield>
    <subfield code="g">y-gencatlg</subfield>
  </datafield>
  <datafield ind1=" " ind2=" " tag="955">
    <subfield code="a">LCAP batch update 2025-06-02-04:00: LCAPM-988</subfield>
  </datafield>
  <datafield ind1=" " ind2=" " tag="010">
    <subfield code="a">  2021666180</subfield>
  </datafield>
  <datafield ind1=" " ind2=" " tag="035">
    <subfield code="a">(WDL)07458</subfield>
  </datafield>
  <datafield ind1=" " ind2=" " tag="040">
    <subfield code="a">DLC</subfield>
    <subfield code="b">eng</subfield>
    <subfield code="c">DLC</subfield>
  </datafield>
  <datafield ind1=" " ind2=" " tag="041">
    <subfield code="a">ara</subfield>
  </datafield>
  <datafield ind1=" " ind2=" " tag="066">
    <subfield code="c">(3</subfield>
  </datafield>
  <datafield ind1=" " ind2=" " tag="080">
    <subfield code="a">603</subfield>
  </datafield>
  <datafield ind1=" " ind2=" " tag="080">
    <subfield code="a">610</subfield>
  </datafield>
  <datafield ind1="0" ind2="4" tag="245">
    <subfield code="a">The Comprehensive Book on Medicine, Part Two, in Diseases of the Eye.</subfield>
  </datafield>
  <datafield ind1="3" ind2="1" tag="880">
    <subfield code="6">246-00/(3/r</subfield>
    <subfield code="a">كتاب الحاوي فى الطب، الجزء الثاني، في أمراض العين</subfield>
  </datafield>
  <datafield ind1=" " ind2=" " tag="260">
    <subfield code="a">Haydarabad Al-Dakan :</subfield>
    <subfield code="b">[publisher not identified],</subfield>
    <subfield code="c">[1955 to 1971]</subfield>
  </datafield>
  <datafield ind1=" " ind2=" " tag="300">
    <subfield code="a">1 online resource.</subfield>
  </datafield>
  <datafield ind1=" " ind2=" " tag="336">
    <subfield code="a">text</subfield>
    <subfield code="b">txt</subfield>
    <subfield code="2">rdacontent</subfield>
  </datafield>
  <datafield ind1=" " ind2=" " tag="337">
    <subfield code="a">computer</subfield>
    <subfield code="b">c</subfield>
    <subfield code="2">rdamedia</subfield>
  </datafield>
  <datafield ind1=" " ind2=" " tag="338">
    <subfield code="a">online resource</subfield>
    <subfield code="b">cr</subfield>
    <subfield code="2">rdacarrier</subfield>
  </datafield>
  <datafield ind1=" " ind2=" " tag="500">
    <subfield code="a">Title devised, in English, by Library staff.</subfield>
  </datafield>
  <datafield ind1=" " ind2=" " tag="500">
    <subfield code="a">Original resource extent: 282 pages.</subfield>
  </datafield>
  <datafield ind1=" " ind2=" " tag="520">
    <subfield code="a">One of the earliest pioneers in the history of medicine, Abū Bakr Muḥammad ibn Zakariyā al-Rāzī (also known by the Latinized version of his name, Rhazes or Rasis, 865--925 AD, 251--313 AH) was a Muslim Persian polymath, physician, and philosopher. He was born in the city of Rayy, near present-day Tehran, Iran, and spent most of his life between his birthplace and Baghdad, the capital city of the Abbasid caliphate. He taught medicine and was the chief physician in both cities. He made major and lasting contributions to the fields of medicine, music, philosophy, and alchemy and was the author of more than 200 books and treatises. Kitab al-Hawi fi al-tibb (The comprehensive book on medicine), also known in Latin as Continens Liber and in English as The Virtuous Life, is a large medical encyclopedia. It contains notes on diseases, therapy, pharmacology, as well as Al-Razi's notebooks on his reading and his clinical observations. Presented here is Kitāb al-Hāwī fi al-ṭibb, al-juzʼ al-thānī, fī amrāḍ al-ʻayn (The comprehensive book on medicine, part two, on the diseases of the eye).</subfield>
  </datafield>
  <datafield ind1="1" ind2=" " tag="535">
    <subfield code="3">Original resource at:</subfield>
    <subfield code="a">Bibliotheca Alexandrina.</subfield>
  </datafield>
  <datafield ind1=" " ind2=" " tag="546">
    <subfield code="a">Content in Arabic.</subfield>
  </datafield>
  <datafield ind1="0" ind2=" " tag="588">
    <subfield code="a">Description based on data extracted from World Digital Library, which may be extracted from partner institutions.</subfield>
  </datafield>
  <datafield ind1=" " ind2="0" tag="653">
    <subfield code="a">865 to 925</subfield>
  </datafield>
  <datafield ind1=" " ind2="0" tag="653">
    <subfield code="a">Diseases</subfield>
    <subfield code="a">Medicine, Arab</subfield>
    <subfield code="a">Medicine, Medieval</subfield>
    <subfield code="a">Pharmacology</subfield>
  </datafield>
  <datafield ind1=" " ind2=" " tag="720">
    <subfield code="a">Rāzī, Abū Bakr Muḥammad ibn Zakarīyā, 865?-925?</subfield>
    <subfield code="e">Author.</subfield>
  </datafield>
  <datafield ind1=" " ind2=" " tag="752">
    <subfield code="a">Iran, Islamic Republic of</subfield>
  </datafield>
  <datafield ind1=" " ind2=" " tag="752">
    <subfield code="a">Iraq</subfield>
  </datafield>
  <datafield ind1="4" ind2="0" tag="856">
    <subfield code="d">gdcwdl</subfield>
    <subfield code="f">wdl_07458</subfield>
    <subfield code="u">https://hdl.loc.gov/loc.wdl/wdl.7458</subfield>
  </datafield>
  <datafield ind1=" " ind2=" " tag="985">
    <subfield code="a">wdl/wdlpartner/wdlbibalex</subfield>
  </datafield>
  <datafield ind1=" " ind2=" " tag="991">
    <subfield code="b">s-Online</subfield>
    <subfield code="h">Electronic Resource</subfield>
  </datafield>
</record>
